ARRUPE JESUIT UNIVERSITY

CORONAVIRUS -STOP THE SPREAD - CLEAN,DISINFECT,COVER

A dictionary of euphemisms : (Record no. 126269)

MARC details
000 -LEADER
fixed length control field 01657cam a2200373 a 4500
001 - CONTROL NUMBER
control field 15003714
003 - CONTROL NUMBER IDENTIFIER
control field ARRUPE
005 - DATE AND TIME OF LATEST TRANSACTION
control field 20170310110731.0
008 - FIXED-LENGTH DATA ELEMENTS--GENERAL INFORMATION
fixed length control field 070912s2007 enk bd 000 0 eng
010 ## - LIBRARY OF CONGRESS CONTROL NUMBER
LC control number 2007037558
015 ## - NATIONAL BIBLIOGRAPHY NUMBER
National bibliography number GBA742855
Source bnb
016 7# - NATIONAL BIBLIOGRAPHIC AGENCY CONTROL NUMBER
Record control number 013761127
Source Uk
020 ## - INTERNATIONAL STANDARD BOOK NUMBER
International Standard Book Number 9780199208395
020 ## - INTERNATIONAL STANDARD BOOK NUMBER
International Standard Book Number 0199208395
035 ## - SYSTEM CONTROL NUMBER
System control number (OCoLC)ocn141379841
035 ## - SYSTEM CONTROL NUMBER
System control number (OCoLC)141379841
040 ## - CATALOGING SOURCE
Original cataloging agency DLC
Transcribing agency DLC
Modifying agency UKM
-- BAKER
-- BTCTA
-- C#P
-- YDXCP
-- DLC
050 00 - LIBRARY OF CONGRESS CALL NUMBER
Classification number PE1449
Item number .H548 2007
082 00 - DEWEY DECIMAL CLASSIFICATION NUMBER
Classification number 427/.0903
Edition number 22
300 ## - PHYSICAL DESCRIPTION
Dimensions 21 cm.
100 1# - MAIN ENTRY--PERSONAL NAME
Personal name Holder, R. W.
9 (RLIN) 29292
245 10 - TITLE STATEMENT
Title A dictionary of euphemisms :
Remainder of title How not to say what you mean /
Statement of responsibility, etc R.W. Holder.
246 30 - VARYING FORM OF TITLE
Title proper/short title Dictionary of euphemisms
250 ## - EDITION STATEMENT
Edition statement 4th ed.
260 ## - PUBLICATION, DISTRIBUTION, ETC. (IMPRINT)
Place of publication, distribution, etc Oxford ;
-- New York :
Name of publisher, distributor, etc Oxford University Press,
Date of publication, distribution, etc 2007.
300 ## - PHYSICAL DESCRIPTION
Extent xvi, 410 p. ;
440 ## - SERIES STATEMENT/ADDED ENTRY--TITLE
Title Oxford paperback reference
9 (RLIN) 29293
504 ## - BIBLIOGRAPHY, ETC. NOTE
Bibliography, etc Includes bibliographical references (p. [xi]-xvi).
650 #0 - SUBJECT ADDED ENTRY--TOPICAL TERM
Topical term or geographic name as entry element English language
General subdivision Euphemism
Form subdivision Dictionaries.
9 (RLIN) 29294
650 #0 - SUBJECT ADDED ENTRY--TOPICAL TERM
Topical term or geographic name as entry element English language
General subdivision Synonyms and antonyms.
9 (RLIN) 29295
650 #0 - SUBJECT ADDED ENTRY--TOPICAL TERM
Topical term or geographic name as entry element Vocabulary.
9 (RLIN) 29296
906 ## - LOCAL DATA ELEMENT F, LDF (RLIN)
a 7
b cbc
c orignew
d 1
e ecip
f 20
g y-gencatlg
942 ## - ADDED ENTRY ELEMENTS (KOHA)
Source of classification or shelving scheme Library of Congress Classification
Koha item type REFERENCE
Holdings
Withdrawn status Lost status Source of classification or shelving scheme Damaged status Not for loan Collection code Home library Current library Shelving location Date acquired Total Checkouts Full call number Barcode Date last seen Price effective from Koha item type
    Library of Congress Classification     REFERENCE ARRUPE LIBRARY ARRUPE LIBRARY REFERENCE 10/03/2017   REF PE1449 .H548 2007 46500025619 10/03/2017 10/03/2017 REFERENCE

 

Arrupe Library. PO Box MP320 Mt Pleasant, Harare, Zimbabwe
263 242 745411|librarian@aju.ac.zw